[Event "Frankfurt Ch A 2015"]
[Site "Ffm-Höchst, BiKuZ"]
[Date "2015.06.01"]
[Round "5.34"]
[White "Achtmann, Armin"]
[Black "Leibold, Mathias"]
[Result "0-1"]
[WhiteElo "1861"]
[BlackElo "1616"]
[PlyCount "142"]
[EventDate "2015.??.??"]
[WhiteTeam "TuS Dotzheim"]
[BlackTeam "SV Fechenheim"]

1. Nf3 Nc6 2. d4 d5 3. c4 Nf6 4. Nc3 Bf5 5. e3 e6 6. a3 h6 7. Be2 Be7 8. O-O
O-O 9. b4 a6 10. Bb2 dxc4 11. Bxc4 Ne4 12. d5 Nxc3 13. Bxc3 exd5 14. Bxd5 Bf6
15. Rc1 Bxc3 16. Rxc3 Qf6 17. Qc1 Bd7 18. Rd1 Rfd8 19. Rcd3 Bg4 20. Bxc6 Rxd3
21. Rxd3 bxc6 22. Qc3 Qxc3 23. Rxc3 a5 24. h3 axb4 25. axb4 Bxf3 26. gxf3 Ra6
27. Kg2 Rb6 28. Rc4 Kf8 29. Kg3 Ke7 30. Kf4 Ke6 31. e4 Kd6 32. Ke3 Rb5 33. Kd4
Rh5 34. f4 Rxh3 35. e5+ Kd7 36. Kc5 Rd3 37. Rc1 g6 38. Rh1 h5 39. Kc4 Rd2 40.
Rh2 Ke6 41. Kc5 Rc2+ 42. Kd4 Kf5 43. Ke3 Rc4 44. Rh1 Re4+ 45. Kd3 Rxb4 46. Rc1
Rb6 47. Ke3 h4 48. Kf3 Rb3+ 49. Kg2 Kxf4 50. Rxc6 Kxe5 51. Rxc7 f5 52. Rg7 Kf6
53. Ra7 Kg5 54. Ra6 Kh5 55. Ra4 g5 56. Ra8 Kg4 57. Ra4+ f4 58. Ra5 h3+ 59. Kg1
Rb1+ 60. Kh2 Rf1 61. Ra2 Kh4 62. Ra3 Rxf2+ 63. Kg1 Rg2+ 64. Kh1 Rc2 65. Rf3 Kg4
66. Ra3 f3 67. Ra4+ Kg3 68. Ra1 f2 69. Ra3+ Kh4 70. Rxh3+ Kg4 71. Rg3+ Kf4 $138
0-1

[Event "Frankfurt Ch A 2015"]
[Site "Ffm-Höchst, BiKuZ"]
[Date "2015.06.01"]
[Round "5.35"]
[White "Mehl, Ulrich"]
[Black "Krüger, Till"]
[Result "0-1"]
[WhiteElo "1571"]
[BlackElo "1856"]
[PlyCount "88"]
[EventDate "2015.??.??"]
[WhiteTeam "TSG Nieder-Erlenbach"]
[BlackTeam "SC Nidderau"]

1. d4 Nf6 2. c4 g6 3. Nc3 Bg7 4. e4 d6 5. f4 c5 6. dxc5 Qa5 7. Bd2 Qxc5 8. Nf3
Nc6 9. Bd3 Nb4 10. Qe2 Nxd3+ 11. Qxd3 Ng4 12. Qe2 O-O 13. h3 Nf6 14. b3 Nh5 15.
Qf2 Nxf4 16. Qxc5 dxc5 17. Kf2 Nd3+ 18. Ke2 Ne5 19. Rad1 e6 20. Nb5 Bd7 21.
Nxe5 Bxb5 22. Nxf7 Bxc4+ 23. bxc4 Rxf7 24. Be3 b6 25. Rd6 Re8 26. Rhd1 Kf8 27.
a4 Rc7 28. Bg5 Be5 29. Rd7 Rec8 30. Rxc7 Rxc7 31. Bd8 Rb7 32. Bg5 Bd4 33. Rf1+
Rf7 34. Rxf7+ Kxf7 35. Bf4 Ke8 36. Bb8 Kd7 37. Kf3 Kc6 38. Kf4 a6 39. e5 b5 40.
cxb5+ axb5 41. axb5+ Kxb5 42. Ba7 Kc6 43. Bb8 Kd5 44. g4 c4 0-1

[Event "Frankfurt Ch A 2015"]
[Site "Ffm-Höchst, BiKuZ"]
[Date "2015.06.01"]
[Round "5.37"]
[White "Marzahn, Heiko"]
[Black "Cichon, Jörg"]
[Result "1-0"]
[WhiteElo "2025"]
[BlackElo "1581"]
[PlyCount "115"]
[EventDate "2015.??.??"]
[WhiteTeam "Sfr. Erbach"]
[BlackTeam "SF Mainz"]

1. e4 e6 2. d4 d5 3. Nc3 Nc6 4. e5 f6 5. exf6 Qxf6 6. Nf3 h6 7. Nb5 Bd6 8.
Nxd6+ cxd6 9. Bb5 Nge7 10. Be3 O-O 11. Qd2 e5 12. O-O-O e4 13. Ng1 Nf5 14. Ne2
Nxe3 15. fxe3 Bg4 16. Rde1 Bxe2 17. Rxe2 Qh4 18. Qc3 Qg4 19. Rhe1 Qd7 20. a3
Rac8 21. Ba4 Kh8 22. Qb3 Qf7 23. Qb5 a6 24. Qb6 Qc7 25. Qxc7 Rxc7 26. Bb3 Ne7
27. Rg1 Rcc8 28. Ree1 Rf2 29. Ref1 Rcf8 30. Rxf2 Rxf2 31. Kd1 g5 32. Ke1 Rf6
33. Ke2 Kg7 34. Rc1 Rf8 35. a4 a5 36. c3 Rb8 37. Rc2 b5 38. axb5 Rxb5 39. Ba4
Rb7 40. b3 Kf6 41. Rc1 Rc7 42. Kd2 Nc8 43. Rf1+ Kg7 44. Be8 Nb6 45. Rf5 Ra7 46.
Ke2 Rc7 47. Kd2 Ra7 48. Rf1 Re7 49. Bb5 Rf7 50. Rxf7+ Kxf7 51. Kc2 Ke7 52. c4
dxc4 53. bxc4 a4 54. Kc3 a3 55. Kb3 d5 56. c5 Nc4 57. Bxc4 dxc4+ 58. Kxa3 1-0

[Event "Frankfurt Ch A 2015"]
[Site "Ffm-Höchst, BiKuZ"]
[Date "2015.06.01"]
[Round "5.38"]
[White "Schmitt, Hans Walter"]
[Black "Leichum, Engelbert"]
[Result "1-0"]
[WhiteElo "1917"]
[BlackElo "1578"]
[PlyCount "101"]
[EventDate "2015.??.??"]
[WhiteTeam "SC Bad Soden"]
[BlackTeam "vereinslos"]

1. d4 c6 2. c4 d6 3. Nf3 Qc7 4. Nc3 Bg4 5. e4 e5 6. Be2 Nd7 7. Be3 Be7 8. h3
Bh5 9. O-O h6 10. Rc1 Ngf6 11. Qc2 Nh7 12. b4 O-O 13. Rfd1 Bg6 14. Qd2 f5 15.
exf5 Bxf5 16. dxe5 dxe5 17. c5 Rad8 18. Bc4+ Kh8 19. Qe2 Ndf6 20. Nh4 Qc8 21.
Qf3 Ng8 22. Rxd8 Bxd8 23. Qg3 Bxh4 24. Qxh4 Ngf6 25. Rd1 Rd8 26. Rxd8+ Qxd8 27.
Qg3 Nd7 28. Qf3 Qf6 29. Qd1 Nhf8 30. a4 Qg6 31. g4 Be6 32. Bd3 Qf7 33. Ne4 Nf6
34. Nd6 Qd7 35. Qc2 Bd5 36. Bf5 Ne6 37. Qc3 e4 38. Bxh6 Qe7 39. Be3 b6 40. Qe5
Nd7 41. Qg3 bxc5 42. g5 Kg8 43. bxc5 Qf8 44. Qg4 Ndxc5 45. Nxe4 Qf7 46. Nxc5
Nxc5 47. Bxc5 Qe8 48. Be3 Qe5 49. g6 Qa1+ 50. Kh2 Qe5+ 51. Qf4 1-0

[Event "Frankfurt Ch A 2015"]
[Site "Ffm-Höchst, BiKuZ"]
[Date "2015.06.01"]
[Round "5.39"]
[White "Jähnert, Wolfgang"]
[Black "Bittner, Peter"]
[Result "1/2-1/2"]
[WhiteElo "1557"]
[BlackElo "1814"]
[PlyCount "99"]
[EventDate "2015.??.??"]
[WhiteTeam "SC Nidderau"]
[BlackTeam "SC Nied"]

1. d4 Nf6 2. Nf3 g6 3. g3 Bg7 4. Bg2 d5 5. c3 Nbd7 6. Nbd2 O-O 7. O-O Re8 8.
Re1 e5 9. dxe5 Nxe5 10. Nxe5 Rxe5 11. Nf3 Re8 12. Bg5 h6 13. Bxf6 Bxf6 14. Qd2
Kg7 15. Rad1 Be6 16. Nd4 c6 17. Qc2 Qc8 18. Nxe6+ fxe6 19. e4 Qc7 20. Re2 Rad8
21. Red2 Qb6 22. exd5 exd5 23. Re2 Qa6 24. Rxe8 Rxe8 25. Qb3 b5 26. Rf1 Qb6 27.
Qc2 Qc5 28. Qd2 Qc4 29. Ra1 Re2 30. Qc1 Qc5 31. Qf4 Rxb2 32. Qc7+ Be7 33. Qe5+
Kh7 34. Qf4 Bf8 35. Qf7+ Bg7 36. a4 Qxc3 37. axb5 Rxf2 38. Kxf2 Qxa1 39. bxc6
Qb2+ 40. Kf1 Qc1+ 41. Kf2 Qxc6 42. Bxd5 Qf6+ 43. Ke3 Qxf7 44. Bxf7 Bb2 45. Ke4
a5 46. Be8 Kg7 47. g4 g5 48. Kf5 Ba3 49. h3 Bb4 50. Bb5 1/2-1/2

[Event "Frankfurt Ch A 2015"]
[Site "Ffm-Höchst, BiKuZ"]
[Date "2015.06.01"]
[Round "5.40"]
[White "Weiland, Thomas"]
[Black "Lanz, Jürgen"]
[Result "1/2-1/2"]
[WhiteElo "1756"]
[BlackElo "1526"]
[PlyCount "64"]
[EventDate "2015.??.??"]
[WhiteTeam "SV Oberursel"]
[BlackTeam "SC Hattersheim"]

1. e4 c5 2. Nf3 Nc6 3. Bc4 d6 4. O-O Nf6 5. Nc3 a6 6. a4 e6 7. Re1 Be7 8. d3
O-O 9. Bd2 Re8 10. Ne2 Bf8 11. Bg5 h6 12. Bh4 g5 13. Bg3 Bg7 14. Ba2 b5 15.
axb5 axb5 16. c3 b4 17. Bc4 Bb7 18. Rxa8 Bxa8 19. Bb5 Re7 20. h4 Nh7 21. hxg5
hxg5 22. Nd2 Ne5 23. Nc4 Rb7 24. Qa4 Nxc4 25. Bxc4 Rb6 26. Ra1 Bc6 27. Qa5 bxc3
28. bxc3 Rb1+ 29. Kh2 Qxa5 30. Rxa5 d5 31. exd5 exd5 32. Ba6 Bf8 1/2-1/2

[Event "Frankfurt Ch A 2015"]
[Site "Ffm-Höchst, BiKuZ"]
[Date "2015.06.01"]
[Round "5.41"]
[White "Diehl, Stefan"]
[Black "Popp, Matthias"]
[Result "1-0"]
[WhiteElo "1739"]
[BlackElo "1522"]
[PlyCount "95"]
[EventDate "2015.??.??"]
[WhiteTeam "SC Höchst"]
[BlackTeam "SC Bergen-Enkheim"]

1. f4 Nf6 2. Nf3 e6 3. b3 Bc5 4. e3 c6 5. Be2 d5 6. Bb2 Ne4 7. O-O O-O 8. Nc3
f5 9. Na4 Be7 10. c4 Nd7 11. d4 Ndf6 12. Ne5 Bd7 13. Bd3 Be8 14. Rc1 Rc8 15. c5
Bh5 16. Be2 Bxe2 17. Qxe2 Qe8 18. Nc3 Rc7 19. b4 Nxc3 20. Bxc3 Ne4 21. Bb2 Rf6
22. Rc2 Rh6 23. Rfc1 Bh4 24. g3 Bf6 25. Nd3 Qg6 26. Qe1 Qg4 27. Nf2 Qf3 28.
Nxe4 fxe4 29. Qe2 Qxe2 30. Rxe2 Bd8 31. Bc3 Rf7 32. a4 g5 33. b5 gxf4 34. exf4
Rg6 35. Rg2 h5 36. Bd2 h4 37. bxc6 bxc6 38. Rb1 Kh7 39. Rb8 Bf6 40. Be3 hxg3
41. hxg3 Rgg7 42. Rh2+ Kg6 43. g4 Rb7 44. f5+ exf5 45. Rh6+ Kf7 46. Rxb7+ Kg8
47. Rxg7+ Kxg7 48. gxf5 1-0

[Event "Frankfurt Ch A 2015"]
[Site "Ffm-Höchst, BiKuZ"]
[Date "2015.06.01"]
[Round "5.42"]
[White "Rauscher, Joachim"]
[Black "Witt, Holger"]
[Result "1-0"]
[WhiteElo "1714"]
[BlackElo "1506"]
[PlyCount "93"]
[EventDate "2015.??.??"]
[WhiteTeam "SC Brett vorm Kopp"]
[BlackTeam "SC Viernheim"]

1. e4 d6 2. d4 Nf6 3. Nc3 c6 4. Bd3 Qa5 5. Bd2 Qc7 6. Nge2 e5 7. O-O Be7 8. Kh1
O-O 9. f4 Bg4 10. Qe1 Nbd7 11. h3 Bxe2 12. Nxe2 b5 13. c3 a6 14. Ng3 Rfe8 15.
Rf3 Bf8 16. Qf1 Rad8 17. Re1 Qa5 18. Be3 Qxa2 19. Rf2 Qa5 20. Ra1 Qb6 21. Qe2
Qb7 22. b4 Ra8 23. Ra5 Ra7 24. dxe5 dxe5 25. Bxa7 Qxa7 26. f5 c5 27. Bxb5 cxb4
28. Rxa6 Qc7 29. cxb4 Rb8 30. Bxd7 Qxd7 31. Rf1 Rxb4 32. Rfa1 Qb7 33. Qa2 Rb3
34. Ra7 Qb4 35. Ra8 g6 36. fxg6 hxg6 37. Rf1 Kg7 38. Rxf8 Kxf8 39. Rxf6 Qe1+
40. Nf1 Rb7 41. Qc4 Kg7 42. Rf3 Qa1 43. Qc6 Ra7 44. Qf6+ Kg8 45. Kh2 Qc1 46.
Qxe5 Qc4 47. Qb8+ 1-0

[Event "Frankfurt Ch A 2015"]
[Site "Ffm-Höchst, BiKuZ"]
[Date "2015.06.01"]
[Round "5.43"]
[White "Münstermann, Matthias"]
[Black "Raquet, Helmut"]
[Result "1/2-1/2"]
[WhiteElo "1532"]
[BlackElo "1644"]
[PlyCount "59"]
[EventDate "2015.??.??"]
[WhiteTeam "SK Langen"]
[BlackTeam "SC Nied"]

1. e4 e6 2. d4 d5 3. Nd2 Nf6 4. e5 Nfd7 5. Ngf3 c5 6. dxc5 Nc6 7. Nb3 Nxc5 8.
Be3 Nd7 9. Bf4 Qc7 10. Bb5 Be7 11. O-O O-O 12. Re1 a6 13. Bd3 Nb4 14. Re2 b6
15. a3 Nc6 16. Rc1 b5 17. c3 Bb7 18. Bc2 Rfe8 19. Qd3 Nf8 20. Nfd4 Bd8 21. Nxc6
Bxc6 22. Nd4 Bd7 23. Re3 f5 24. Re2 Be7 25. Rce1 Qd8 26. Bb3 Kh8 27. Qc2 Rc8
28. Qd3 Qc7 29. Qg3 Qd8 30. Qd3 1/2-1/2

[Event "Frankfurt Ch A 2015"]
[Site "Ffm-Höchst, BiKuZ"]
[Date "2015.06.01"]
[Round "5.44"]
[White "Schlumbohm, Nils"]
[Black "Thede, Stefan"]
[Result "1-0"]
[WhiteElo "1549"]
[BlackElo "1608"]
[PlyCount "83"]
[EventDate "2015.??.??"]
[WhiteTeam "TSG Nieder-Erlenbach"]
[BlackTeam "SV Frankfurt Nord"]

1. e4 d6 2. d4 Nf6 3. Bd3 g6 4. c4 Bg7 5. Nc3 O-O 6. f3 Nbd7 7. Nge2 c6 8. Be3
e5 9. d5 cxd5 10. cxd5 a6 11. b4 b5 12. a4 bxa4 13. Nxa4 Nh5 14. O-O f5 15. Rc1
Rb8 16. Qd2 f4 17. Ba7 Ra8 18. Bf2 g5 19. Rc6 Qe7 20. Rc7 Nhf6 21. Rfc1 Qd8 22.
Ra7 Rxa7 23. Bxa7 g4 24. Rc6 gxf3 25. gxf3 Qe7 26. Bxa6 Bxa6 27. Rxa6 Nxe4 28.
fxe4 Qg5+ 29. Kh1 Qg4 30. Ng1 f3 31. Nc3 Nc5 32. Bxc5 dxc5 33. bxc5 f2 34. Ra1
Rf3 35. Qe2 fxg1=Q+ 36. Rxg1 Qf4 37. Qg2 Qf6 38. Nb5 Rf2 39. Qg3 Rf3 40. Qg4
Rb3 41. Qc8+ Kf7 42. Nd6+ 1-0

[Event "Frankfurt Ch A 2015"]
[Site "Ffm-Höchst, BiKuZ"]
[Date "2015.06.01"]
[Round "5.45"]
[White "Falkenhainer, Sven"]
[Black "Manasek, Martin"]
[Result "1-0"]
[WhiteElo "1605"]
[BlackElo "1362"]
[PlyCount "67"]
[EventDate "2015.??.??"]
[WhiteTeam "SC Bergen-Enkheim"]
[BlackTeam "Bad Vilbeler Sfr"]

1. e4 c5 2. b3 Nc6 3. Bb2 e5 4. Bb5 d6 5. Nc3 Nf6 6. Nge2 Be7 7. O-O O-O 8.
Bxc6 bxc6 9. f4 Qc7 10. fxe5 dxe5 11. d3 Ng4 12. Qd2 h6 13. Ng3 Bg5 14. Qe2
Be3+ 15. Kh1 Bf4 16. Rf3 Qe7 17. Nf5 Bxf5 18. exf5 Nxh2 19. Rxf4 Qg5 20. Rc4
Qg3 21. Qh5 Qf2 22. Kxh2 Qxc2 23. Qe2 Qxe2 24. Nxe2 f6 25. Rxc5 Rac8 26. Rd1
Rfd8 27. g4 Rd5 28. Rxd5 cxd5 29. Rc1 Ra8 30. Kg3 a5 31. Nc3 d4 32. Nd5 a4 33.
Nb6 Re8 34. Rc8 1-0

[Event "Frankfurt Ch A 2015"]
[Site "Ffm-Höchst, BiKuZ"]
[Date "2015.06.01"]
[Round "5.46"]
[White "Friedel, Thomas"]
[Black "Zerhusen, Martin"]
[Result "0-1"]
[WhiteElo "1505"]
[BlackElo "1596"]
[PlyCount "66"]
[EventDate "2015.??.??"]
[WhiteTeam "SV Groß-Gerau"]
[BlackTeam "SV Oberursel"]

1. e4 c5 2. Nf3 Nc6 3. Bb5 Qc7 4. b3 a6 5. Bxc6 Qxc6 6. d3 d6 7. h3 e5 8. Nc3
Be7 9. Nd5 Be6 10. Nxe7 Nxe7 11. c4 O-O 12. O-O Qd7 13. Bd2 f5 14. Ng5 f4 15.
Qh5 h6 16. Nxe6 Qxe6 17. f3 Rf6 18. Qg4 Nc6 19. Qxe6+ Rxe6 20. Bc3 b5 21. Kf2
b4 22. Bb2 Re7 23. Rg1 a5 24. g3 fxg3+ 25. Rxg3 a4 26. Rgg1 Rea7 27. Ke2 axb3
28. axb3 Rxa1 29. Bxa1 Ra3 30. f4 Rxb3 31. fxe5 Nxe5 32. Bxe5 dxe5 33. d4 exd4
0-1

[Event "Frankfurt Ch A 2015"]
[Site "Ffm-Höchst, BiKuZ"]
[Date "2015.06.01"]
[Round "5.47"]
[White "Lessmann, Sven"]
[Black "Laufenburg, Frank"]
[Result "1/2-1/2"]
[WhiteElo "1482"]
[BlackElo "1595"]
[PlyCount "66"]
[EventDate "2015.??.??"]
[WhiteTeam "SC Bad Soden"]
[BlackTeam "SC Bergen-Enkheim"]

1. d4 Nf6 2. c4 e6 3. Nc3 Bb4 4. Qc2 b6 5. Bg5 Bb7 6. a3 Be7 7. e4 d6 8. Nf3 h6
9. Bh4 Nbd7 10. Be2 O-O 11. O-O c5 12. e5 dxe5 13. dxe5 Nh7 14. Bxe7 Qxe7 15.
Bd3 Ng5 16. Nxg5 Qxg5 17. f4 Qe7 18. Ne4 Bxe4 19. Bxe4 Rac8 20. Rad1 Rfd8 21.
Qa4 Nb8 22. Qb3 Qc7 23. Qf3 Rd4 24. Rxd4 cxd4 25. Bd3 Rd8 26. Qe4 g6 27. g4 Qc6
28. Qe2 Nd7 29. f5 exf5 30. gxf5 Re8 31. fxg6 Rxe5 32. gxf7+ Kf8 33. Qf3 Rg5+
1/2-1/2

[Event "Frankfurt Ch A 2015"]
[Site "Ffm-Höchst, BiKuZ"]
[Date "2015.06.01"]
[Round "5.48"]
[White "Kletzerman, Simon"]
[Black "Schmitt, Roland"]
[Result "0-1"]
[WhiteElo "1531"]
[BlackElo "1884"]
[PlyCount "102"]
[EventDate "2015.??.??"]
[WhiteTeam "TuS Makkabi"]
[BlackTeam "SK Großsachsen"]

1. e4 g6 2. d4 Bg7 3. c3 d6 4. Be3 Nf6 5. f3 O-O 6. Na3 c6 7. Qd2 Be6 8. Bd3
Re8 9. Bh6 Bh8 10. g4 b5 11. Nc2 Nbd7 12. h4 Bc4 13. Bxc4 bxc4 14. h5 e5 15.
hxg6 fxg6 16. Ne2 exd4 17. Ncxd4 Ne5 18. Nf4 Nxf3+ 19. Nxf3 Nxe4 20. Qh2 Ng5+
21. Kd1 Nxf3 22. Qh3 Ne5 23. Kc2 Qb6 24. Rh2 Rab8 25. Rb1 Nd3 26. Nxd3 cxd3+
27. Qxd3 d5 28. Bd2 Rb7 29. b3 a5 30. Rbh1 Re4 31. Qf3 Rf7 32. Qh3 Qd8 33. Rf1
Qd7 34. Rxf7 Qxf7 35. g5 Re8 36. Qh4 Qf5+ 37. Kb2 Re7 38. Rf2 Re4 39. Qg3 Be5
40. Qg2 Qe6 41. Qf3 Bg7 42. Qg2 a4 43. Qh1 d4 44. Kc2 axb3+ 45. axb3 dxc3 46.
Bc1 Re2+ 47. Rxe2 Qxe2+ 48. Kb1 c2+ 49. Ka2 Qa6+ 50. Ba3 Bf8 51. Qc1 Qxa3+ 0-1

[Event "Frankfurt Ch A 2015"]
[Site "Ffm-Höchst, BiKuZ"]
[Date "2015.06.01"]
[Round "5.49"]
[White "Plattner, Rolf"]
[Black "Richter, Wolfram"]
[Result "0-1"]
[WhiteElo "1711"]
[BlackElo "1521"]
[PlyCount "84"]
[EventDate "2015.??.??"]
[WhiteTeam "SK Langen"]
[BlackTeam "SK Bad Sooden-Allendorf"]

1. e4 c5 2. Nf3 Nc6 3. Bb5 Nf6 4. Nc3 a6 5. Bxc6 bxc6 6. O-O e6 7. Re1 Ra7 8.
d3 d5 9. e5 Nd7 10. Bf4 Be7 11. Qd2 O-O 12. Ne2 f6 13. Ng3 fxe5 14. Bxe5 Nf6
15. Re2 Ng4 16. Rae1 Bh4 17. Nxh4 Qxh4 18. h3 Nh6 19. Bd6 Rf6 20. Bxc5 Raf7 21.
Re5 Rg6 22. Rh5 Qd8 23. Bd4 Qf8 24. Rg5 Nf5 25. Nxf5 exf5 26. Rxg6 hxg6 27. Re5
f4 28. Qe1 Bd7 29. b4 f3 30. Bc5 Qc8 31. g4 Kh7 32. Rg5 Qd8 33. h4 Qf6 34. Kh2
Qd8 35. Qe5 Rf6 36. Be7 Qb6 37. Bc5 Qd8 38. Bd4 Qf8 39. Bc5 Qc8 40. Kg3 Re6 41.
Qd4 Qb8+ 42. Kh3 Re1 0-1

[Event "Frankfurt Ch A 2015"]
[Site "Ffm-Höchst, BiKuZ"]
[Date "2015.06.01"]
[Round "5.50"]
[White "Wagner, Günter"]
[Black "Viol, Julius"]
[Result "0-1"]
[WhiteElo "1529"]
[BlackElo "1683"]
[PlyCount "90"]
[EventDate "2015.??.??"]
[WhiteTeam "SV Groß-Gerau"]
[BlackTeam "FC Bierstadt"]

1. Nf3 c5 2. g3 g6 3. Bg2 Bg7 4. O-O Nc6 5. d3 e6 6. Nbd2 Nge7 7. c4 O-O 8. Rb1
d5 9. a3 dxc4 10. Nxc4 b5 11. Nce5 Nxe5 12. Nxe5 Rb8 13. Bf4 Bb7 14. b4 Bxg2
15. Kxg2 Bxe5 16. Bh6 Bg7 17. Be3 cxb4 18. axb4 Rb7 19. h4 Nd5 20. Bd2 Nc3 21.
Bxc3 Bxc3 22. h5 Qd5+ 23. f3 Qxh5 24. Rh1 Qe5 25. Rh4 f5 26. d4 Qg7 27. Qb3
Bxd4 28. Qxe6+ Kh8 29. Rbh1 Qe5 30. Qa2 f4 31. g4 Qe3 32. Rf1 Re7 33. Rhh1
Qxe2+ 34. Qxe2 Rxe2+ 35. Kh3 Rf2 36. Rd1 Rxf3+ 37. Kh4 Rd8 38. g5 Rb3 39. Kg4
Rxb4 40. Rde1 Be3 41. Rh6 f3+ 42. Kxf3 Bxg5 43. Rhh1 Rd3+ 44. Ke2 Re3+ 45. Kf2
Rb2+ 0-1

[Event "Frankfurt Ch A 2015"]
[Site "Ffm-Höchst, BiKuZ"]
[Date "2015.06.01"]
[Round "5.52"]
[White "Bergner, Matthias"]
[Black "Wich, Manuela"]
[Result "0-1"]
[WhiteElo "1558"]
[BlackElo "1441"]
[PlyCount "122"]
[EventDate "2015.??.??"]
[WhiteTeam "SV Neu-Isenburg"]
[BlackTeam "SF Friedberg"]

1. d4 Nf6 2. c4 e6 3. Nc3 Bb4 4. Bd2 O-O 5. Nf3 d6 6. g3 c5 7. dxc5 Nc6 8. cxd6
Bxd6 9. Bg2 a6 10. O-O h6 11. h3 Ne5 12. Nxe5 Bxe5 13. Qc2 Qc7 14. Ne4 Rb8 15.
Nxf6+ Bxf6 16. Rad1 b5 17. Bb4 Be7 18. Bxe7 Qxe7 19. cxb5 Rxb5 20. Rd2 Rd8 21.
Rxd8+ Qxd8 22. Rc1 Rb8 23. Qc7 Qd2 24. Rc2 Qd1+ 25. Bf1 Kh7 26. Qc3 Qb1 27.
Qd3+ g6 28. Rd2 Rxb2 29. Rxb2 Qxb2 30. f3 Qb6+ 31. Kg2 Qc6 32. h4 Kg7 33. Qd4+
f6 34. Qa7+ Qb7 35. Qd4 Qd7 36. Qc5 e5 37. Kf2 h5 38. Ke3 a5 39. Qc3 Qa7+ 40.
Kd2 Qd7+ 41. Qd3 Qf7 42. e3 Qe6 43. Qc4 Qd6+ 44. Qd3 Qc7 45. Qc3 Qd6+ 46. Kc2
Be6 47. Qxa5 Qc6+ 48. Qc3 Qxf3 49. Bb5 Qf2+ 50. Qd2 Qxg3 51. a4 Qxh4 52. a5
Qe4+ 53. Kc3 Qd5 54. Qb2 Qc5+ 55. Kd2 Bd5 56. a6 Qb6 57. Qb4 Qd8 58. Kc3 Qc7+
59. Kb2 Qa7 60. Qd6 Bf7 61. Qa3 h4 0-1

[Event "Frankfurt Ch A 2015"]
[Site "Ffm-Höchst, BiKuZ"]
[Date "2015.06.01"]
[Round "5.53"]
[White "Günther, Rainer"]
[Black "Thomsen, Walter Matias"]
[Result "0-1"]
[WhiteElo "1554"]
[BlackElo "1418"]
[PlyCount "62"]
[EventDate "2015.??.??"]
[WhiteTeam "SV Mainz-Mombach"]
[BlackTeam "SC Bad Soden"]

1. e4 e5 2. Bc4 Nc6 3. Nf3 Bc5 4. d3 h6 5. c3 d6 6. b4 Bb6 7. O-O Be6 8. Bxe6
fxe6 9. Qb3 Qd7 10. a4 a5 11. b5 Nce7 12. d4 exd4 13. Nxd4 Bxd4 14. cxd4 Nf6
15. e5 Nfd5 16. Ba3 O-O 17. Nd2 Nb6 18. Ne4 Nf5 19. Rad1 Nc8 20. d5 Re8 21. f4
Kh8 22. Qh3 exd5 23. Rxd5 Nb6 24. Rd3 Qe6 25. Ng5 Qg6 26. Rfd1 dxe5 27. Bc5
exf4 28. Bxb6 Qxb6+ 29. Kh1 Nd6 30. Qh5 Qf2 31. R3d2 Re1+ 0-1

[Event "Frankfurt Ch A 2015"]
[Site "Ffm-Höchst, BiKuZ"]
[Date "2015.06.01"]
[Round "5.54"]
[White "Bernhardt, Winfried"]
[Black "John, Volkmar"]
[Result "1-0"]
[WhiteElo "1385"]
[BlackElo "1540"]
[PlyCount "73"]
[EventDate "2015.??.??"]
[WhiteTeam "SV Nauheim"]
[BlackTeam "SK Herborn"]

1. e4 c5 2. Nf3 d6 3. d4 cxd4 4. Nxd4 Nf6 5. Nc3 a6 6. Bd3 e5 7. Nf3 Be7 8. h3
Qc7 9. Be3 Be6 10. Ng5 Bc4 11. O-O h6 12. Nf3 O-O 13. Na4 Nbd7 14. b3 Bxd3 15.
Qxd3 b6 16. Nb2 Nc5 17. Bxc5 dxc5 18. c4 Rfd8 19. Qe2 b5 20. Nd3 Nd7 21. Nd2
Nf8 22. f4 Bd6 23. f5 Nd7 24. Nf3 Nb8 25. Nh4 Be7 26. f6 gxf6 27. Qg4+ Kh7 28.
Qf5+ Kh8 29. Qh5 Bf8 30. Rxf6 Rxd3 31. Rxf7 Qd8 32. Ng6+ Kg8 33. Rxf8+ Qxf8 34.
Nxf8 Kxf8 35. Rf1+ Ke7 36. Qxe5+ Kd7 37. Rf7+ 1-0

[Event "Frankfurt Ch A 2015"]
[Site "Ffm-Höchst, BiKuZ"]
[Date "2015.06.01"]
[Round "5.55"]
[White "Stulken, Dietmar"]
[Black "Müller, Mark"]
[Result "0-1"]
[WhiteElo "1392"]
[BlackElo "1733"]
[PlyCount "94"]
[EventDate "2015.??.??"]
[WhiteTeam "SF Frankfurt"]
[BlackTeam "SC Diez"]

1. e4 e5 2. Nf3 Nc6 3. Bb5 a6 4. Ba4 Nf6 5. d3 b5 6. Bb3 Bc5 7. h3 d6 8. c3 O-O
9. Bg5 h6 10. Bh4 g5 11. Bg3 Ne7 12. Qd2 Ng6 13. Bc2 Nh5 14. Bh2 Nhf4 15. Bxf4
Nxf4 16. g4 Qf6 17. Bd1 Bb7 18. Rh2 d5 19. Nxe5 Qxe5 20. d4 Qxe4+ 21. Kf1 Bd6
22. Bc2 Qe2+ 23. Qxe2 Nxe2 24. Rg2 Rae8 25. Nd2 Nf4 26. Rg3 Re2 27. Rd1 Rfe8
28. Bf5 c5 29. a3 cxd4 30. cxd4 b4 31. a4 Bc8 32. Bb1 h5 33. Bf5 h4 34. Rb3
Bxf5 35. gxf5 g4 36. hxg4 h3 37. Nf3 Rc8 38. Re1 Rxe1+ 39. Kxe1 Ng2+ 40. Kf1
Rc1+ 41. Ke2 h2 42. Nxh2 Bxh2 43. Kf3 Ne1+ 44. Ke2 Nc2 45. Kd3 Bf4 46. f3 a5
47. f6 Na1 0-1

[Event "Frankfurt Ch A 2015"]
[Site "Ffm-Höchst, BiKuZ"]
[Date "2015.06.01"]
[Round "5.56"]
[White "Gude, Michael"]
[Black "Winter, Olaf"]
[Result "1-0"]
[WhiteElo "1661"]
[BlackElo "1597"]
[PlyCount "55"]
[EventDate "2015.??.??"]
[WhiteTeam "SF Fürth"]
[BlackTeam "SK Bad Homburg"]

1. e4 c5 2. Nf3 Nc6 3. Bb5 e6 4. Bxc6 bxc6 5. O-O c4 6. b3 cxb3 7. axb3 d5 8.
d3 d4 9. Na3 f6 10. Nc4 e5 11. Nfxe5 fxe5 12. Qh5+ Kd7 13. Qxe5 Qf6 14. Qa5 h6
15. Nb6+ axb6 16. Qxa8 Bd6 17. Ra7+ Bc7 18. Qb8 Qd6 19. f4 Kd8 20. Qa8 g5 21.
e5 Qe6 22. fxg5 Ne7 23. gxh6 Bxe5 24. Bg5 Bc7 25. h7 Kd7 26. Bf4 Nd5 27. Qb8
Rxh7 28. Rxc7+ 1-0

[Event "Frankfurt Ch A 2015"]
[Site "Ffm-Höchst, BiKuZ"]
[Date "2015.06.01"]
[Round "5.57"]
[White "Lehmann, Gerit"]
[Black "Bergmann, Michael"]
[Result "1/2-1/2"]
[WhiteElo "1487"]
[BlackElo "1590"]
[PlyCount "125"]
[EventDate "2015.??.??"]
[WhiteTeam "SF Frankfurt"]
[BlackTeam "SF Frankfurt"]

1. d4 Nf6 2. c4 e5 3. dxe5 Ng4 4. Bf4 g5 5. Bg3 Nc6 6. Nf3 Bg7 7. h3 Ngxe5 8.
Nxe5 Nxe5 9. Qc2 O-O 10. e3 d6 11. Be2 Be6 12. Nd2 Nc6 13. a3 Qf6 14. Rb1 Bf5
15. Bd3 Bxd3 16. Qxd3 Rae8 17. Nf3 Ne5 18. Nxe5 dxe5 19. O-O e4 20. Qb3 Qc6 21.
Rfd1 Be5 22. Bxe5 Rxe5 23. Rd4 Rc5 24. Rbd1 b5 25. Rd5 bxc4 26. Rxc5 Qxc5 27.
Qc3 Re8 28. Rd4 Qe5 29. Rxc4 Qxc3 30. Rxc3 Re7 31. Rc5 f6 32. Rc6 Kf7 33. Ra6
c5 34. Rc6 Rb7 35. Rxc5 Rxb2 36. Rc7+ Kg6 37. Rxa7 Rb1+ 38. Kh2 Rf1 39. Re7 f5
40. Re6+ Kf7 41. Rb6 Rxf2 42. Rb7+ Kg6 43. Rb6+ Kh5 44. Kg3 Re2 45. Rb3 Kg6 46.
Rb6+ Kf7 47. Rb7+ Ke6 48. Rb3 h5 49. h4 gxh4+ 50. Kxh4 Rxg2 51. Kxh5 Rg3 52.
Kh4 Rg4+ 53. Kh3 Kf6 54. a4 Rg7 55. a5 f4 56. exf4 Kf5 57. a6 Kxf4 58. Rb7 Rg3+
59. Kh2 Ra3 60. a7 e3 61. Rf7+ Kg5 62. Re7 Kf4 63. Rf7+ 1/2-1/2

[Event "Frankfurt Ch B 2015"]
[Site "Ffm-Höchst, BiKuZ"]
[Date "2015.06.01"]
[Round "5.1"]
[White "Urbach, Jens"]
[Black "Lopez, Victor"]
[Result "0-1"]
[WhiteElo "1408"]
[BlackElo "1442"]
[PlyCount "62"]
[EventDate "2015.??.??"]
[WhiteTeam "SF Frankfurt"]
[BlackTeam "SC Höchst"]

1. e4 c6 2. d4 d5 3. exd5 cxd5 4. Nf3 Nf6 5. c4 Nc6 6. c5 Bg4 7. Be2 e6 8. O-O
Be7 9. Nc3 O-O 10. Be3 Nd7 11. h3 Bh5 12. a3 Bxf3 13. Bxf3 Bg5 14. Qd2 Bxe3 15.
Qxe3 Qf6 16. Ne2 Rfe8 17. Rad1 a5 18. Nc3 Na7 19. Rfe1 h6 20. Ne2 Nc6 21. Nf4
b6 22. Nh5 Qd8 23. Rc1 Rb8 24. cxb6 Qxb6 25. Qc3 Rec8 26. Be2 Nxd4 27. Qxc8+
Rxc8 28. Rxc8+ Kh7 29. Bd3+ g6 30. Rec1 Qb3 31. Rd1 Qxd1+ 0-1

[Event "Frankfurt Ch B 2015"]
[Site "Ffm-Höchst, BiKuZ"]
[Date "2015.06.01"]
[Round "5.2"]
[White "Mayer, Andreas"]
[Black "Klikic, Drazen"]
[Result "1-0"]
[WhiteElo "1478"]
[BlackElo "1279"]
[PlyCount "55"]
[EventDate "2015.??.??"]
[WhiteTeam "SF Frankfurt"]
[BlackTeam "SC Nied"]

1. Nf3 d5 2. g3 Nf6 3. Bg2 c6 4. d4 Bf5 5. O-O Nbd7 6. Nbd2 e6 7. c4 Be7 8. c5
O-O 9. Re1 Ne4 10. Nxe4 Bxe4 11. b4 a6 12. Bf4 Nf6 13. Qb3 h6 14. a4 b5 15.
axb5 axb5 16. Ne5 g5 17. Nxc6 Qd7 18. Nxe7+ Qxe7 19. Bd6 Qd7 20. Bxf8 Kxf8 21.
Bxe4 Nxe4 22. Qc2 Qc6 23. f3 Nf6 24. Ra5 h5 25. Rea1 Rxa5 26. bxa5 g4 27. a6 h4
28. a7 1-0